[Event "Ch Poland (juniors) (under 20) (1/2 final)"]
[Site "masterchessopen.com Chotowa (Poland)"]
[Date "2007.11.03"]
[Round "1"]
[White "Strzemiecki Zbigniew (POL)"]
[Black "Jacek Krystian (POL)"]
[Result "1-0"]
[WhiteElo "2303"]
[BlackElo "2010"]

1.e4 c5 2.Nf3 d6 3.d4 cxd4 4.Nxd4 Nf6 5.Nc3 e6 6.Be2 a6 7.O-O Qc7 8.f4 b5
9.Bf3 Bb7 10.a3 Nbd7 11.Qe1 Be7 12.g4 Nb6 13.g5 Nfd7 14.f5 e5 15.Nb3 Nc5
16.Bg2 Nc4 17.Kh1 Bc6 18.f6 gxf6 19.gxf6 Bf8 20.Nxc5 dxc5 21.b3 Nb6 22.Nd5
Bxd5 23.exd5 O-O-O 24.Qa5 Qa7 25.c4 bxc4 26.bxc4 Bd6 27.Rb1 Nd7 28.Bh3 Bc7
29.Qa4 Rhg8 30.Qc6 Rg6 31.d6 {#r} 1-0

[Event "Ch Slovenia (team) (w)"]
[Site "masterchessopen.com Ljubljana (Slovenia)"]
[Date "2007.12.09"]
[Round "9"]
[White "Vucko Maja (SLO)"]
[Black "Stevanec Lea (SLO)"]
[Result "0-1"]
[WhiteElo "1976"]
[BlackElo "2117"]

1.e4 c5 2.Nf3 d6 3.d4 cxd4 4.Nxd4 Nf6 5.Nc3 a6 6.Be2 e6 7.O-O Qc7 8.Nb3 b5
9.a3 Bb7 10.f3 Nbd7 11.Be3 d5 12.exd5 Nxd5 13.Nxd5 Bxd5 14.Rc1 Bd6 15.h3 Ne5
16.Nd2 Rd8 17.Qe1 O-O 18.Qf2 Ng4 19.fxg4 Bg3 20.Qf4 Bxf4 21.Bxf4 Qb6+ 22.Kh2
e5 {#R} 0-1

[Event "Ch Europe (active)"]
[Site "masterchessopen.com Warsaw (Poland)"]
[Date "2007.12.16"]
[Round "13"]
[White "Ganguly Surya Shekhar (IND)"]
[Black "Jakubowski Krzysztof (POL)"]
[Result "1-0"]
[WhiteElo "2585"]
[BlackElo "2458"]

1.e4 c5 2.Nf3 d6 3.d4 Nf6 4.Nc3 cxd4 5.Nxd4 a6 6.Be2 e6 7.O-O Qc7 8.f4 b5
9.Bf3 Bb7 10.e5 dxe5 11.fxe5 Nfd7 12.Bf4 Bc5 13.Kh1 O-O 14.Ne4 Nc6 15.Nxc6
Bxc6 16.Nf6+ gxf6 17.exf6 e5 18.Bxc6 Kh8 19.Bh6 {#r} 1-0

[Event "It (open)"]
[Site "masterchessopen.com Unna (Germany)"]
[Date "2007.12.27"]
[Round "1"]
[White "Litwak Aleksej (GER)"]
[Black "Azizi Nassim (GER)"]
[Result "1-0"]
[WhiteElo "2298"]
[BlackElo "1739"]

1.e4 c5 2.Nf3 e6 3.d4 cxd4 4.Nxd4 a6 5.Nc3 Qc7 6.Be2 Nf6 7.O-O d6 8.a4 b6 9.f4
Nbd7 10.Bf3 Bb7 11.Qe2 e5 12.Nd5 Nxd5 13.exd5 O-O-O 14.Nc6 Bxc6 15.dxc6 Nb8
16.Bg4+ {#r} 1-0

[Event "Memorial Grigorov (open)"]
[Site "masterchessopen.com Sofia (Bulgaria)"]
[Date "2008.01.09"]
[Round "5"]
[White "Filev Georgi (BUL)"]
[Black "Nikolov Momchil (BUL)"]
[Result "1-0"]
[WhiteElo "2375"]
[BlackElo "2488"]

1.e4 c5 2.Nf3 e6 3.d4 cxd4 4.Nxd4 a6 5.Be2 Nf6 6.Nc3 Qc7 7.O-O d6 8.f4 Be7
9.Kh1 O-O 10.Qe1 Nc6 11.Be3 Nxd4 12.Bxd4 b5 13.a3 Bb7 14.Qg3 Bc6 15.Rae1 Rae8
16.Bf3 g6 17.e5 Nd7 18.Bxc6 Qxc6 19.Ne4 f6 20.exf6 Nxf6 21.Qb3 Nd5 22.f5 Bh4
23.fxg6 hxg6 24.Qh3 Qc4 25.Rxf8+ Rxf8 26.Qxe6+ Kh7 27.Qd7+ Ne7 28.Nf6+ Bxf6
29.Bxf6 Rxf6 30.Rxe7+ Kh6 31.Qh3+ Kg5 32.Qg3+ Kh6 33.Qe3+ Qf4 34.Kg1 {#r} 1-0

[Event "It \"]
[Site "masterchessopen.com Tarakan (Indonesia)"]
[Date "2008.01.17"]
[Round "9"]
[White "Ardiansyah H (INA)"]
[Black "Nolte Rolando (PHI)"]
[Result "0-1"]
[WhiteElo "2393"]
[BlackElo "2489"]

1.e4 c5 2.Nf3 d6 3.d4 cxd4 4.Nxd4 Nf6 5.Nc3 a6 6.Be2 e6 7.O-O Qc7 8.Be3 b5
9.a3 Bb7 10.f3 Be7 11.Qe1 O-O 12.Rd1 Nbd7 13.Qf2 Rac8 14.Rd2 Ne5 15.Rfd1 Nc4
16.Bxc4 Qxc4 17.Nb3 Qc7 18.Ne2 d5 19.exd5 Nxd5 20.Kh1 h6 21.c3 Nxe3 22.Qxe3
Bd5 23.Nbd4 Bg5 24.f4 Bf6 25.Ng3 g6 26.Nf3 Bg7 27.Ne5 Rfd8 28.Re1 h5 29.h3 Bb7
30.Ree2 Rxd2 31.Rxd2 Rd8 32.Rxd8+ Qxd8 33.Qe2 Qh4 {#R} 0-1

[Event "Tournament (a)"]
[Site "masterchessopen.com Neapol (Italy)"]
[Date "2008.01.24"]
[Round "3"]
[White "Sabia Corrado (ITA)"]
[Black "Colucci Stefano (ITA)"]
[Result "1-0"]
[WhiteElo "2215"]
[BlackElo "2009"]

1.e4 c5 2.Nf3 d6 3.d4 cxd4 4.Nxd4 Nf6 5.Nc3 a6 6.Be2 e6 7.O-O Qc7 8.f4 b5
9.Bf3 Bb7 10.Re1 Be7 11.Kh1 O-O 12.e5 dxe5 13.fxe5 Nfd7 14.Bxb7 Qxb7 15.Qg4
Rd8 16.Nxe6 fxe6 17.Qxe6+ Kh8 18.Qxe7 Nc6 19.Qh4 Ndxe5 20.Bg5 Rd4 21.Re4 Qd7
22.Rae1 Rf8 23.h3 b4 24.Ne2 Rd1 25.Nf4 Qf5 26.Rxe5 Nxe5 27.Rxd1 h6 28.Bxh6
gxh6 29.Qxh6+ Qh7 30.Qxf8+ {#r} 1-0

[Event "Ch Colombia (juniors) (under 18)"]
[Site "masterchessopen.com Bogota (Colombia)"]
[Date "2008.01.26"]
[Round "4"]
[White "Almanza Rafael (COL)"]
[Black "Sanchez Simon"]
[Result "0-1"]
[WhiteElo "2187"]
[BlackElo "2086"]

1.e4 c5 2.Nf3 d6 3.d4 cxd4 4.Nxd4 Nf6 5.Nc3 a6 6.Be2 e6 7.O-O Qc7 8.Be3 b5
9.a3 Bb7 10.Bd3 Nbd7 11.f4 Be7 12.g4 Nc5 13.Qf3 d5 14.e5 Nfe4 15.Nce2 g6 16.f5
gxf5 17.gxf5 Qxe5 18.fxe6 fxe6 19.b4 Nxd3 20.cxd3 Ng5 21.Qh5+ Kd7 22.Bf4 Qg7
23.Bg3 Qg6 24.Qg4 h5 25.Nf4 Qh6 26.Qe2 h4 27.Be1 Qg7 28.Bc3 Rac8 29.Bb2 Bf6
30.Qe3 Rc2 31.Kh1 Rxb2 {#R} 0-1

[Event "Liga Mazowiecka 2007/08"]
[Site "masterchessopen.com Poland"]
[Date "2008.02.03"]
[Round "9"]
[White "Parol Pawel (POL)"]
[Black "Zielinski Michal (POL)"]
[Result "0-1"]
[WhiteElo "1898"]
[BlackElo "1863"]

1.e4 c5 2.Nf3 d6 3.d4 cxd4 4.Nxd4 Nf6 5.Nc3 a6 6.Be2 e6 7.O-O Qc7 8.f4 Nc6
9.Nxc6 bxc6 10.Be3 Be7 11.Qd2 h5 12.Rf2 a5 13.Bf3 Bb7 14.f5 exf5 15.exf5 d5
16.Re1 Kf8 17.Na4 c5 18.Bf4 Bd6 19.Bxd6+ Qxd6 20.Rfe2 Ng4 21.Bxg4 hxg4 22.Qe3
Qxh2+ 23.Kf2 Kg8 24.Nxc5 Rh3 25.Nxb7 Rxe3 26.Rxe3 Qf4+ 27.Kg1 Qb4 28.Re8+ Rxe8
29.Rxe8+ Kh7 30.Nd8 g3 31.Nxf7 Qd4+ 32.Kf1 Qf2# 0-1

[Event "Extraliga 2007/08"]
[Site "masterchessopen.com Slovakia"]
[Date "2008.03.29"]
[Round "10"]
[White "Janko Michal (SVK)"]
[Black "Dovzik Juri (UKR)"]
[Result "0-1"]
[WhiteElo "2188"]
[BlackElo "2374"]

1.e4 c5 2.Nf3 d6 3.d4 cxd4 4.Nxd4 Nf6 5.Nc3 a6 6.Be2 e6 7.O-O Qc7 8.f4 Nc6
9.Be3 Be7 10.a4 O-O 11.Kh1 Re8 12.Bf3 Rb8 13.g4 Nxd4 14.Bxd4 e5 15.Bg1 exf4
16.g5 Nd7 17.Nd5 Qd8 18.h4 h6 19.Ra3 hxg5 20.hxg5 Bxg5 21.Bg4 Nf6 22.Bxc8 Rxc8
23.Bb6 Qd7 24.Nxf6+ gxf6 25.Qh5 Kg7 26.Qf3 Rxc2 27.Bd4 Qc6 28.Rc3 Rxc3 29.bxc3
Rxe4 30.Rg1 Kf8 {#R} 0-1

[Event "Ch Vietnam"]
[Site "masterchessopen.com Dalat City (Vietnam)"]
[Round "3"]
[White "Hoang Van Ngoc (VIE)"]
[Black "Dao Thien Hai (VIE)"]
[Result "0-1"]
[WhiteElo "2195"]
[BlackElo "2510"]

1.e4 c5 2.Nf3 d6 3.d4 cxd4 4.Nxd4 Nf6 5.Nc3 a6 6.Be2 e6 7.O-O Qc7 8.f4 b5 9.a3
Bb7 10.Bf3 Nbd7 11.Kh1 Rd8 12.Qe2 Be7 13.Be3 O-O 14.Rad1 Rc8 15.f5 e5 16.Nb3
Qb8 17.Bf2 Rfe8 18.Rfe1 d5 19.exd5 Bxa3 20.bxa3 Rxc3 21.Rd3 Rxd3 22.Qxd3 Qa8
23.c4 e4 24.Bxe4 bxc4 25.Qxc4 Rxe4 26.Rxe4 Bxd5 27.Qd4 Bxe4 28.Bh4 Bxg2+
29.Kg1 Bh3 30.Qd2 Qf3 {#R} 0-1

[Event "Extraliga 2007/08 (juniors)"]
[Site "masterchessopen.com Czech Republic"]
[Date "2008.04.25"]
[Round "8"]
[White "Schmalz Michal"]
[Black "Navratil Jiri (CZE)"]
[Result "0-1"]
[WhiteElo "1968"]
[BlackElo "1727"]

1.e4 c5 2.Nf3 d6 3.d4 cxd4 4.Nxd4 Nf6 5.Nc3 a6 6.Be2 e6 7.O-O Qc7 8.f4 b5
9.Bf3 Bb7 10.e5 dxe5 11.fxe5 Nfd7 12.Bf4 Bc5 13.Kh1 O-O 14.Nb3 Ba7 15.Na5 Bxf3
16.Qxf3 Nb6 17.Qe4 N8d7 18.Nb3 Nc4 19.Rf3 Rfd8 20.Raf1 Nf8 21.Bg5 Re8 22.Nd2
Nxd2 23.Bxd2 Rad8 24.Be3 Bxe3 25.Qxe3 Rd7 26.Ne4 Qxe5 27.Rxf7 Rxf7 28.Rxf7
{#R} 0-1

[Event "Tournament (qual)"]
[Site "masterchessopen.com Cali (Colombia)"]
[Date "2008.05.05"]
[Round "9"]
[White "Ruiz Pablo (COL)"]
[Black "Sanchez Maya Simon (COL)"]
[Result "0-1"]
[WhiteElo "2211"]
[BlackElo "2168"]

1.e4 c5 2.Nf3 d6 3.d4 cxd4 4.Nxd4 Nf6 5.Nc3 a6 6.Be2 e6 7.O-O Qc7 8.a4 Be7
9.a5 Nc6 10.Nb3 Bd7 11.Be3 Rc8 12.f4 O-O 13.Kh1 Nb4 14.Bf3 Bc6 15.Qd2 d5 16.e5
Nd7 17.Qf2 Kh8 18.Rae1 Bb5 19.Nxb5 axb5 20.Nd4 Bc5 21.Nxb5 Qxa5 22.Bxc5 Rxc5
23.Nd6 Rxc2 24.Qh4 Nd3 25.Ra1 Qb6 26.Qe7 Rc7 27.Nxf7+ Kg8 28.Nd6 N7c5 29.Qh4
Qxb2 30.f5 Qxe5 31.fxe6 Nxe6 32.Rad1 Nef4 33.Nb5 g5 {#R} 0-1

[Event "It (open)"]
[Site "masterchessopen.com Salou (Spain)"]
[Date "2008.05.09"]
[Round "2"]
[White "Libiszewski Fabien (FRA)"]
[Black "Lopez Martinez Josep Manuel (ESP)"]
[Result "1-0"]
[WhiteElo "2487"]
[BlackElo "2547"]

{ } 1.e4 c5 2.Nf3 e6 3.d4 cxd4 4.Nxd4 a6 5.Be2 Nf6 6.Nc3 Qc7 7.O-O d6 8.f4 Be7
9.Kh1 Nc6 { ?/= } 10.Nxc6 ( 10.Be3 O-O 11.Qe1 Nxd4 12.Bxd4 b5 13.a3 Bb7 14.Qg3
Bc6 15.Rae1 Rae8 16.Bf3 Kh8 17.b4 Bd8 18.e5 dxe5 19.fxe5 Nd7 20.Ne4 Bxe4
21.Bxe4 Qc4 22.Ba1 f5 23.exf6 Bxf6 24.Bd3 Qd5 25.Qh3 h6 26.Qg4 Kg8 27.Qg6 Qg5
28.Qe4 h5 29.Bd4 Kf7 { ...1-0, Anand Viswanathan 2781 - Karpov Anatoly 2682 ,
Sao Paulo 23. 8.2004 It (active) } ) ( 10.Bf3 Bd7 11.a4 O-O 12.Nb3 b6 13.g4
Bc8 14.g5 Nd7 15.Bg2 Re8 16.f5 Nde5 17.f6 Bf8 18.fxg7 Bxg7 19.Ne2 d5 20.exd5
exd5 21.Nf4 Ne7 22.Nd4 Bg4 23.Qe1 N5g6 24.Qf2 Nxf4 25.Bxf4 Qd7 26.Bg3 Ng6
27.Ra3 Rad8 28.Rb3 Qxa4 29.Nf5 Bxf5 { ...1/2-1/2, Dvoirys Semen I 2615 -
Baramidze David 2543 , Hoogeveen 2003 It (open) } ) 10...bxc6 11.b3 ( 11.Qd3
O-O 12.b3 Bb7 13.Bb2 c5 14.Rae1 Rae8 15.Qh3 Nxe4 16.Bd3 Nf6 17.Re3 g6 18.Nd1
c4 19.bxc4 Qc5 20.f5 e5 21.Rg3 Be4 22.Ne3 Bxd3 23.cxd3 Kh8 24.Bc1 Rg8 25.fxg6
fxg6 26.Nd5 Nxd5 27.Qxh7+ { 1-0, Short Nigel D 2687 - Ye Jiangchuan 2649 ,
Taiyuan 25. 7.2004 It (cat.16) } ) 11...O-O 12.Qd3 e5 ( 12...a5 13.Qg3 d5
14.e5 Nd7 15.Na4 f5 16.Qh3 Nb6 17.Nxb6 Qxb6 18.Be3 c5 19.Bf3 Bb7 20.c3 Rfd8
21.Rad1 Rd7 22.g4 Rf8 23.Kg1 g6 24.Rd2 Rfd8 25.gxf5 exf5 26.Rfd1 d4 27.Bxb7
Qxb7 28.Qg2 Qb6 29.Qe2 Kg7 30.Qc4 Qb7 31.cxd4 Qf3 32.Qe2 { ...0-1, Oleksienko
Mikhailo 2587 - Bocharov Dmitry 2611 , Cappelle la Grande 8. 3.2007 It (open)
} ) ( 12...Bb7 13.Bb2 d5 14.Rad1 { +0.04 CAP } ) 13.Qg3 ( 13.fxe5 Nd7 { +1.02
CAP } ) 13...Kh8 { +0.22 CAP } 14.Bb2 { N } ( 14.f5 d5 15.Bg5 d4 16.Bxf6 Bxf6
17.Nd1 c5 18.Bc4 Bb7 19.Qd3 a5 20.Nb2 Rad8 21.Rae1 Bg5 22.Rf3 Rd6 23.Kg1 Rfd8
24.Bb5 Rh6 25.Nc4 Rh4 26.Rh3 Rxh3 27.Qxh3 f6 28.a4 Kg8 29.Kf2 Bc8 30.Ke2 g6
31.g4 h5 32.Kd3 hxg4 33.Qxg4 gxf5 { ...1-0, Bazan Osvaldo 2260 - Pachman Ludek
2278 , Buenos Aires 1960 It } ) 14...Be6 15.Rad1 a5 16.Bf3 exf4 17.Qxf4 Rab8
18.Qg3 Ne8 19.Ne2 Bc4 { ?! } ( 19...Bc8 { !? } 20.e5 d5 21.Nd4 a4 22.Be2 h6 {
} ) 20.Bc3 { ?! } ( 20.Bxg7+ { !? } 20...Nxg7 21.bxc4 Ne8 22.Bg4 Bf6 23.c5 Be5
24.cxd6 Bxg3 25.dxc7 Bxc7 26.Bd7 Kg7 27.Bxc6 { } ) 20...Ba6 21.a4 Bf6 22.Bxf6
gxf6 23.Rf2 Rg8 24.Qh4 Rb4 25.Nd4 Bc8 26.Be2 Rg7 27.Bc4 Bd7 28.Qh6 Qd8 29.e5 {
? } ( { ? } 29.Re2 Rb8 30.Re3 Nc7 31.c3 Kg8 32.Qf4 d5 33.Rg3 { } ) 29...fxe5
30.Rxf7 Rxc4 { ?? } ( 30...Rxf7 31.Bxf7 Qe7 32.c3 Rb8 33.Bxe8 Rxe8 34.Nf3 d5
35.b4 axb4 36.cxb4 e4 37.Nd4 Qxb4 { } ) 31.Rf8+ Rg8 32.Rdf1 { } {#r} 1-0

[Event "Cup Mayors (open)"]
[Site "masterchessopen.com Mumbai (India)"]
[Date "2008.05.12"]
[Round "2"]
[White "Meera Sai (IND)"]
[Black "Borate Suraj (IND)"]
[Result "1-0"]
[WhiteElo "2154"]
[BlackElo "1828"]

1.e4 c5 2.Nf3 e6 3.d4 cxd4 4.Nxd4 a6 5.Nc3 Qc7 6.Be2 Nf6 7.O-O d6 8.f4 h5
9.Kh1 Bd7 10.e5 dxe5 11.fxe5 Qxe5 12.Bf4 Qc5 13.Nb3 Qb6 14.a4 Bc6 15.a5 Qd8
16.Qe1 Bb4 17.Rd1 Qe7 18.Bg5 Nbd7 19.Qh4 O-O-O 20.Nd4 Qc5 21.Nxc6 Qxc6 22.Qxb4
Ne5 23.Bf4 Rxd1 24.Rxd1 Neg4 25.Bf3 Nd5 26.Nxd5 exd5 27.Bxd5 Qd7 28.Qc5+ Kd8
29.Bf3 {#r} 1-0

[Event "Memorial Karl Mala (open)"]
[Site "masterchessopen.com Frankfurt (Germany)"]
[Date "2008.06.29"]
[Round "7"]
[White "Kemeny Matthias (GER)"]
[Black "Donchenko Alexander (GER)"]
[Result "1-0"]
[WhiteElo "2056"]
[BlackElo "1877"]

1.e4 c5 2.Nf3 e6 3.d4 cxd4 4.Nxd4 Nf6 5.Nc3 d6 6.Be2 a6 7.O-O Qc7 8.f4 b5 9.a3
Bb7 10.Bf3 Nbd7 11.Kh1 Be7 12.Qe1 Rc8 13.Bd2 Nb6 14.e5 Nfd5 15.Nxd5 Nxd5
16.Qg3 O-O 17.Bxd5 Bxd5 18.f5 dxe5 19.Nxb5 axb5 20.f6 Bxf6 21.Rxf6 e4 22.Bf4
Qe7 23.Bg5 Qc7 24.Bf4 Qe7 25.Be5 g6 26.Rf2 Rc6 27.Bf6 Qd6 28.Qg5 Rfc8 29.Be5
Qd8 30.Qf4 Qf8 31.Qf6 {#r} 1-0

[Event "Ch Asia (juniors) (under 14)"]
[Site "masterchessopen.com Teheran (Iran)"]
[Date "2008.07.21"]
[Round "9"]
[White "Perera W C C (SRI)"]
[Black "Ismailov Mukhit (KAZ)"]
[Result "0-1"]
[WhiteElo "1930"]
[BlackElo "2040"]

1.e4 c5 2.Nf3 d6 3.d4 cxd4 4.Nxd4 Nf6 5.Nc3 a6 6.Be2 e6 7.O-O Qc7 8.a4 Be7
9.Be3 O-O 10.a5 Nbd7 11.f4 g6 12.Nb3 b5 13.axb6 Nxb6 14.e5 dxe5 15.fxe5 Nfd5
16.Nxd5 Nxd5 17.Bd4 Rd8 18.Qc1 a5 19.Rf3 Bf8 20.c3 Ne7 21.Qf4 Nf5 22.Bd3 a4
23.Bxf5 exf5 24.Rh3 Rb8 25.Nd2 Rxb2 26.Rxa4 Bb7 27.Qe3 Qc6 28.Rf3 Qxa4 {#R}
0-1

[Event "It (open)"]
[Site "masterchessopen.com Lausanne (Switzerland)"]
[Date "2008.09.19"]
[Round "1"]
[White "Ghattour Mosab (SUI)"]
[Black "Gouliev Namig (AZE)"]
[Result "0-1"]
[WhiteElo "1984"]
[BlackElo "2572"]

1.e4 c5 2.Nf3 e6 3.d4 cxd4 4.Nxd4 Nf6 5.Nc3 d6 6.Be2 a6 7.O-O Qc7 8.a4 Be7
9.Be3 Nc6 10.Kh1 O-O 11.f4 Re8 12.Nb3 b6 13.Bf3 Rb8 14.Qe2 Na5 15.Nd2 Bf8
16.Qd3 Bb7 17.b4 Nc6 18.Qc4 d5 19.exd5 exd5 20.Nxd5 Nxd5 21.Bxd5 b5 22.axb5
axb5 23.Qb3 Nxb4 24.Bxb7 Qxc2 25.Bd5 Qxb3 26.Bxb3 Rxe3 27.Ra7 Be7 28.Kg1 Bc5
29.Rxf7 {#R} 0-1

[Event "Ch Commonwealth"]
[Site "masterchessopen.com Nagpur (India)"]
[Date "2008.10.01"]
[Round "5"]
[White "Ganesh Babu S (IND)"]
[Black "Rahman S Manfuzur (BAN)"]
[Result "0-1"]
[WhiteElo "2119"]
[BlackElo "2297"]

1.e4 c5 2.Nf3 d6 3.d4 cxd4 4.Nxd4 Nf6 5.Nc3 a6 6.Be2 e6 7.O-O Qc7 8.Be3 b5
9.a3 Bb7 10.Bd3 Nbd7 11.f4 Be7 12.Qf3 O-O 13.g4 Nc5 14.g5 Nfd7 15.Qh3 Rfe8
16.Rac1 Rac8 17.f5 Ne5 18.fxe6 fxe6 19.Nxe6 Qd7 20.Bxc5 Rxc5 21.Qh5 Rxc3
22.Nxg7 Kxg7 23.bxc3 Qg4+ 24.Qxg4 Nxg4 25.h4 d5 26.Rf4 Bc5+ 27.Kg2 dxe4
28.Bxe4 Rxe4 {#R} 0-1

[Event "World Mindsports Games (Active Ind)"]
[Site "masterchessopen.com Beijing (China)"]
[Date "2008.10.06"]
[Round "5"]
[White "Aveskulov Valeriy (UKR)"]
[Black "Nolte Rolando (PHI)"]
[Result "1-0"]
[WhiteElo "2544"]
[BlackElo "2489"]

1.e4 c5 2.Nf3 d6 3.d4 cxd4 4.Nxd4 Nf6 5.Nc3 a6 6.Be2 e6 7.O-O Qc7 8.f4 Be7
9.Be3 O-O 10.g4 Re8 11.f5 Bf8 12.g5 Nfd7 13.Nxe6 fxe6 14.Bh5 g6 15.fxg6 hxg6
16.Bxg6 Re7 17.Qh5 Qd8 18.Bf7+ Rxf7 19.Qxf7+ Kh8 20.Rf3 {#r} 1-0

[Event "Ch Croatia (team) (2nd league)"]
[Site "masterchessopen.com Zagreb (Croatia)"]
[Date "2008.10.12"]
[Round "7"]
[White "Perkovic Ivan (CRO)"]
[Black "Blagojevic Marijan (CRO)"]
[Result "1-0"]
[WhiteElo "2132"]
[BlackElo "2046"]

1.e4 c5 2.Nf3 a6 3.d4 cxd4 4.Nxd4 Nf6 5.Nc3 d6 6.Be2 e6 7.O-O Qc7 8.f4 Nbd7
9.Kh1 b5 10.a3 Bb7 11.Bd3 Be7 12.Qe1 O-O 13.Nf3 Rfe8 14.Bd2 Nc5 15.Rc1 Bf8
16.b4 Ncd7 17.e5 Nd5 18.Nxd5 Bxd5 19.Bxh7+ {#r} 1-0

[Event "World Mindsports Games (Blitz Team)"]
[Site "masterchessopen.com Beijing (China)"]
[Date "2008.10.13"]
[Round "2"]
[White "Diermair Andreas (AUT)"]
[Black "Waqar Mohamed (PAK)"]
[Result "1-0"]
[WhiteElo "2365"]
[BlackElo "2207"]

1.e4 c5 2.Nf3 d6 3.d4 cxd4 4.Nxd4 Nf6 5.Nc3 a6 6.Be2 Qc7 7.O-O e6 8.f4 Nbd7
9.Kh1 b5 10.Bf3 Bb7 11.a3 Be7 12.Qe2 O-O 13.Bd2 Rac8 14.Rae1 Rfd8 15.Nb3 e5
16.Qf2 exf4 17.Bxf4 Ne5 18.Qg3 Ng6 19.Be3 Re8 20.Qf2 Ne5 21.Bb6 Qd7 22.Na5 Ba8
23.Bd4 Nc4 24.Nxc4 Rxc4 25.Be2 Rcc8 26.Bd3 Ng4 27.Qxf7+ Kh8 28.Qxg7# 1-0

[Event "Ch World (juniors) (under 12)"]
[Site "masterchessopen.com Vung Tau (Vietnam)"]
[Date "2008.10.23"]
[Round "5"]
[White "Purenne Benoit (FRA)"]
[Black "Cheng Bobby (AUS)"]
[Result "0-1"]
[WhiteElo "1869"]
[BlackElo "2088"]

1.e4 c5 2.Nc3 e6 3.Nf3 a6 4.d4 cxd4 5.Nxd4 Qc7 6.Be2 Nf6 7.O-O d6 8.Be3 Be7
9.f4 Nbd7 10.Qe1 b5 11.Bf3 Bb7 12.a3 g6 13.Kh1 h5 14.Qg3 h4 15.Qe1 e5 16.Nb3
O-O-O 17.a4 b4 18.Na2 d5 19.exd5 e4 20.Bd4 exf3 21.Qxe7 fxg2+ 22.Kxg2 Nxd5
23.Qe1 Nxf4+ 24.Kf2 Nd3+ 25.cxd3 Qxh2+ {#R} 0-1

[Event "Tournament (open)"]
[Site "masterchessopen.com Positano (Italy)"]
[Date "2008.10.28"]
[Round "4"]
[White "Courbi Stephane (FRA)"]
[Black "Bruno Fabio (ITA)"]
[Result "0-1"]
[WhiteElo "2038"]
[BlackElo "2453"]

1.e4 c5 2.Nf3 e6 3.d4 cxd4 4.Nxd4 a6 5.Nc3 Qc7 6.Be2 Nf6 7.O-O d6 8.f4 b5 9.a3
Bb7 10.Bf3 Nbd7 11.Kh1 Rc8 12.Qe1 h5 13.Bd2 h4 14.Rd1 Be7 15.f5 e5 16.Nb3 Nb6
17.Na5 Ba8 18.Bg5 Nfd7 19.Bxe7 Kxe7 20.Rf2 Nf6 21.Rfd2 Rcd8 22.Rd3 Nc4 23.Nxc4
Qxc4 24.b3 Qc5 25.Qg1 Qxg1+ 26.Kxg1 Rc8 27.Na2 Rhd8 28.c4 bxc4 29.bxc4 Rxc4
30.Nb4 a5 31.Nd5+ Bxd5 32.exd5 Rb8 33.Be2 Rc2 34.Bf1 Ne4 35.Rh3 Nf2 {#R} 0-1

[Event "It (open)"]
[Site "masterchessopen.com Obrenovac (Serbia)"]
[Date "2008.11.27"]
[Round "1"]
[White "Branovacki Goran (SRB)"]
[Black "Ilic Zoran (SRB)"]
[Result "0-1"]
[WhiteElo "1930"]
[BlackElo "2349"]

1.e4 c5 2.Nf3 d6 3.d4 cxd4 4.Nxd4 Nf6 5.Nc3 a6 6.Be2 e6 7.O-O Qc7 8.Bg5 Nbd7
9.Re1 b5 10.a3 Be7 11.Qc1 Bb7 12.Bd3 O-O 13.Re3 Qc5 14.Rg3 Rfe8 15.Be3 Qc7
16.f4 Nc5 17.e5 Nxd3 18.cxd3 dxe5 19.fxe5 Qxe5 20.Nde2 Rad8 21.Bf4 Qf5 22.Be3
Nh5 23.Rh3 Rxd3 24.Qc2 Rxe3 25.Qxf5 exf5 26.Rxh5 g6 27.Rh3 Rxh3 28.gxh3 Bc5+
29.Kf1 Re3 30.Ng1 Bd4 31.Nd1 Rb3 32.Ne2 Bxb2 {#R} 0-1

[Event "It (open)"]
[Site "masterchessopen.com Obrenovac (Serbia)"]
[Date "2008.11.28"]
[Round "2"]
[White "Andrijevic Milan (SRB)"]
[Black "Alishani Ibrahim (SRB)"]
[Result "1-0"]
[WhiteElo "2367"]
[BlackElo "2154"]

1.e4 c5 2.Nf3 d6 3.d4 cxd4 4.Nxd4 Nf6 5.Nc3 a6 6.Be2 Qc7 7.O-O e6 8.f4 Nbd7
9.a4 b6 10.Bf3 Bb7 11.Qe1 Be7 12.e5 Ng8 13.Bxb7 Qxb7 14.f5 Nxe5 15.fxe6 Nf6
16.exf7+ Kxf7 17.Qh4 Rac8 18.Bg5 Rc4 19.Rad1 h6 20.Bxf6 Bxf6 21.Ne4 Qe7
22.Rxf6+ gxf6 23.Nf5 Qe6 24.Qh5+ Kf8 25.Rxd6 Nf3+ 26.gxf3 Rg8+ 27.Kh1 Rxe4
28.Rd8+ Qe8 29.Qxh6+ {#r} 1-0

[Event "It (open)"]
[Site "masterchessopen.com Moscow (Russia)"]
[Date "2009.02.02"]
[Round "3"]
[White "Reshetnikov Alexey (RUS)"]
[Black "Kotsur Pavel (KAZ)"]
[Result "0-1"]
[WhiteElo "2413"]
[BlackElo "2568"]

1.e4 c5 2.Nf3 d6 3.d4 cxd4 4.Nxd4 Nf6 5.Nc3 a6 6.Be2 e6 7.O-O Qc7 8.a4 b6 9.f4
Nbd7 10.Bf3 Bb7 11.Re1 Rc8 12.g4 h6 13.Be3 g6 14.Nde2 g5 15.fxg5 hxg5 16.Bxg5
Qc5+ {#R} 0-1

[Event "Tournament (open)"]
[Site "masterchessopen.com Rio de Janeiro (Brazil)"]
[Date "2009.03.09"]
[Round "1"]
[White "Rabello David Souza (BRA)"]
[Black "Chauca Jose (PER)"]
[Result "0-1"]
[WhiteElo "2018"]
[BlackElo "2086"]

1.e4 c5 2.Nf3 e6 3.d4 cxd4 4.Nxd4 a6 5.Nc3 Qc7 6.Be2 Nf6 7.O-O d6 8.Bg5 Nbd7
9.f4 h6 10.Bh4 Be7 11.Kh1 O-O 12.f5 e5 13.Nf3 b5 14.Nd5 Nxd5 15.exd5 Bxh4
16.Nxh4 Nf6 17.Rc1 Bb7 18.c4 bxc4 19.Bxc4 Qb6 20.h3 Qxb2 21.Bb3 Rac8 22.Rb1
Qa3 23.Rf3 e4 24.Rg3 Rfe8 25.Qd2 Kh7 26.Re3 Qc5 27.Ba4 Re7 28.Bb3 Bxd5 29.Bxd5
Qxd5 30.Qxd5 Nxd5 31.Rg3 Nf6 32.Rb6 d5 33.Rxa6 e3 {#R} 0-1

[Event "Ch Deptal Valle"]
[Site "masterchessopen.com Cali (Colombia)"]
[Date "2009.03.26"]
[Round "3"]
[White "Mateus Alejandro (COL)"]
[Black "Barona Angel (COL)"]
[Result "1-0"]
[WhiteElo "2241"]
[BlackElo "2178"]

1.e4 c5 2.Nf3 d6 3.d4 cxd4 4.Nxd4 Nf6 5.Nc3 a6 6.Be2 e6 7.O-O Qc7 8.a4 b6 9.f4
Bb7 10.Bf3 Nbd7 11.Re1 Rb8 12.Kh1 Be7 13.e5 dxe5 14.fxe5 Bxf3 15.Qxf3 Nxe5
16.Qg3 Bc5 17.Rxe5 O-O 18.Nf3 Bd6 19.Bf4 Rbc8 20.Ne4 Nxe4 21.Rxe4 Bxf4 22.Rxf4
Qxc2 23.b4 Rfd8 24.h4 Rd1+ 25.Rxd1 Qxd1+ 26.Kh2 f5 27.Rd4 Qxa4 28.Ne5 Qe8
29.Rd7 g6 30.Qg5 {#r} 1-0

[Event "Ch Slovenia (team) (w)"]
[Site "masterchessopen.com Rogatska Slatina (Slovenia)"]
[Date "2009.03.28"]
[Round "3"]
[White "Nadvesnik Vilma (SLO)"]
[Black "Hocevar Maja (SLO)"]
[Result "0-1"]
[WhiteElo "1912"]
[BlackElo "2013"]

1.e4 c5 2.Nf3 d6 3.d4 cxd4 4.Nxd4 Nf6 5.Nc3 a6 6.Be2 e6 7.O-O Qc7 8.f4 Be7
9.Bf3 O-O 10.Kh1 Nbd7 11.Nb3 Rb8 12.Be3 b5 13.Rc1 Bb7 14.a3 Ba8 15.Qe2 Qc4
16.Nd2 Qc7 17.Bg1 Ne8 18.Nd1 a5 19.c4 b4 20.axb4 Rxb4 21.Bd4 Bf6 22.e5 Bxf3
23.Nxf3 dxe5 24.fxe5 Be7 25.Ne3 Bc5 26.Bc3 Rb7 27.Ng4 Qb6 28.Ng5 h6 29.Ne4 Bd4
30.Bxd4 Qxd4 31.Rfd1 Qa7 32.Qd2 h5 33.Ngf6+ gxf6 34.Qh6 Nxe5 {#R} 0-1